Most Populated 4 Letter CitiesOr Towns In UK - Statistics

General Stats
  • This quiz has been taken 79 times
  • The average score is 2 of 5
Answer Stats
Pop Answer % Correct
94782 Bath
71%
152841 York
71%
284321 Hull
53%
77211 Bury
27%
134022 Sale
19%
No matching quizzes found
Score Distribution
Percent of People with Each Score
Percentile by Number Answered
Your Score History
You have not taken this quiz